| 000 | 01060nam a2200217Ia 4500 | ||
|---|---|---|---|
| 003 | IN-BaIIA | ||
| 008 | 211028s9999 xx 000 0 eng d | ||
| 040 | _cIIA Library | ||
| 080 |
_a523.64(082.2) _bNASA |
||
| 111 |
_aSummary of A Workshop on infrared Observations of Comets Halley and Wilson and Properties of the Grains _cIthaca _d1987 Aug. 10-12 _919514 |
||
| 245 | 0 |
_aInfrared observations of comets Halley and Wilson and properties of the grains _bproceedings of the summary of a Workshop on Infrared observations of comets Halley and Wilson and properties of the grains, held in Ithaca, New York, August 10-12, 1987 _cedited by Martha S Hanner |
|
| 260 |
_aNew York _bNational Aeronautics and Space Administration _c1988 |
||
| 300 | _a[various pagings.] | ||
| 650 | _aAstronomy and Astrophysics thesaurus | ||
| 650 |
_aComet Halley _94021 |
||
| 650 |
_aComet Wilson _915884 |
||
| 650 |
_aCometary Grains _919515 |
||
| 650 |
_aInfrared observations _919516 |
||
| 700 |
_aHanner, Martha S., ed. _915885 |
||
| 942 | _cBK | ||
| 999 |
_c11353 _d11353 |
||